000 00421nab a2200145Ia 4500
003 ES-SlBCS
005 20210601124317.0
008 140529s1987 xxu||||| |||| 00| 0 eng d
041 _aeng
100 1 _aLasch, Christopher
_9139554
245 0 0 _aScientists of the Mind
_c Christopher Lasch
650 0 4 _aCientíficos
_9117488
773 0 _tEducational Theory
_gvol. 37, nº. 2, 1987, págs. 201-206
_wRev1399
942 _cAR
999 _c512728
_d512728